000 00866nam a2200229Ii 4500
003 JO-AjNU
008 230605s9999||||xx |||||||||||||| ||und||
017 _a2018/7/3748
020 _a978-9923-15-019-1
040 _aJO-AjNU
_bara
_erda
_cJO-AjNU
041 _aara
050 1 4 _aKMM370.K54 2022
100 3 _aالكيلاني، محمود محمد,
_eauthor
_962811
245 0 0 _aموسوعة القضاء المدني الوساطة والتحكيم في تسوية المنازعات المدنية والتجارية: دراسة مقارنة
250 _aط2
264 3 1 _aعمان: دار الثقافة للنشر والتوزيع، 2022
300 _a383ص
336 _atext
_btxt
_2rdacontent
337 _aunmediated
_bn
_2rdamedia
338 _avolume
_bnc
_2rdacarrier
650 4 _aاصول المحاكمات-القانون المدني
_962812
999 _aA28460
_c32028
_d32028